=LDR 00000nam 2200000 4500 =001 NUTBA000000000002246 =005 20140610103951.0 =006 =007 =008 =020 ##$$a 978-602-7996-11-3 =035 ##$$a 0010-061400000000189 =040 ##$$a NBPDMAT =082 ##$$a 657.310 76 =090 ##$$a 657.310 76 $b Wah p =100 ##$$a Wahyu Dwi Herawati =245 ##$$a Paket soal akurat cpns / $c Wahyu Dwi Herawati =250 ##$$a Cet.1 =260 ##$$a Jogjakarta : $b Trans Idea Publishing, $c 2013 =300 ##$$a 224 hlm. ; $c 24 cm. =500 ##$$a Bibliografi : hlm. 224 =650 ##$$a Tes CPNS =850 ##$$a NBPDMAT =990 ##$$a 21401152